Score 0/20 Timer 05:00
0 Plays Today
Question Answer % Correct
Country of birth and one she ledUnited Kingdom
97.1%
Metallic nicknameIron Lady
87.8%
Political partyConservative
83.5%
Year 1st elected Prime Minister1979
81%
Final year as Prime Minister1990
79.7%
University attendedOxford
79%
Actress who played her in the film of that titleMeryl Streep
74.1%
Succeeding Prime MinisterJohn Major
67.7%
Year of birth1925
66.6%
Year first elected Member of Parliament1959
55%
Question Answer % Correct
Husband's nameDenis
51.8%
Son's nameMark
45.3%
Department she served as Minister ofEducation and Science
44.9%
Subject studied in universityChemistry
44.6%
Daughter's nameCarol
43.1%
Preceding Prime MinisterJames Callaghan
43%
Birthplace (town)Grantham, Lincolnshire
39.7%
Her maiden nameRoberts
32.4%
Her middle nameHilda
29.8%
Constituency she representedFinchley
27.7%
Remove Ads.
Support Sporcle.
Get the best of Sporcle when you Go Orange. This ad-free experience offers more features, more stats, and more fun while also helping to support Sporcle. Thank you for becoming a member.

You're not logged in!

Compare scores with friends on all Sporcle quizzes.
OR
Log In

Show Comments

Extras

Top Quizzes Today


Score Distribution

Your Account Isn't Verified!

In order to create a playlist on Sporcle, you need to verify the email address you used during registration. Go to your Sporcle Settings to finish the process.

Report this User

Report this user for behavior that violates our Community Guidelines.

Details: